00281nam a2200121Ia 4500003000400000008004100004082001600045100001300061245002700074260003200101300000800133650001800141OSt191201s2002 xx 000 0 und d a158.1b HAH aHARDAYAL 0aHints For Self Culture aNew DelhibKhosla Pubc2002 a366 aGeneral Books